| 000 | 01084nam a2200325 a 4500 | ||
|---|---|---|---|
| 001 | 000043389 | ||
| 003 | DO-SdBNP | ||
| 005 | 20170919122611.0 | ||
| 007 | 000043389 | ||
| 008 | 140312s1981 dr 000 0 spa d | ||
| 040 |
_aBPMSU _bspa _cBPMSU |
||
| 082 |
_a330.97293 _bE19p, 1975 |
||
| 092 |
_a _b |
||
| 245 | 0 | 0 |
_aEconomía política e investigación social : _b recopilación / _ccompilador Luis Gómez |
| 260 |
_aSanto Domingo : _bAlfa y Omega, _c1975 |
||
| 300 |
_a209 p. ; _c22 cm. |
||
| 500 | _aIncluye referencias bibliográficas y notas al pie de las páginas. | ||
| 504 | _aBibliografía: p. 209-213 | ||
| 650 |
_aCIENCIAS SOCIALES _xINVESTIGACIONES |
||
| 651 |
_aREPÚBLICA DOMINICANA _xCONDICIONES ECONÓMICAS |
||
| 651 |
_aREPÚBLICA DOMINICANA _xPOLÍTICA ECONÓMICA |
||
| 700 | 1 | 2 |
_aGómez, Luis _d1933- _ecomp. |
| 910 | _aValidado. Control de calidad MFF | ||
| 930 | 1 |
_l _m _8 _f _p _g |
|
| 942 |
_2ddc _cBK |
||
| 945 | _aInventariado /2017 VM | ||
| 956 |
_a _b _c _l _h |
||
| 956 |
_a _b _c _l _h |
||
| 956 |
_aVMATEO _b10 _c20150507 _lBPMSU _h00151 |
||
| 999 |
_c7802 _d7802 |
||